| 000 | 00668cam a2200265 4500 | ||
|---|---|---|---|
| 001 | J1979 | ||
| 008 | 090401t1992 xxu||||| |||| 00| 0 eng d | ||
| 035 | _a(Sirsi) u46595 | ||
| 041 | _aeng | ||
| 050 | _a333.337094235 | ||
| 110 |
_aKnight Frank and Rutley _91990 |
||
| 245 | 4 | _aThe Devon property market report. | |
| 260 |
_aLondon _bKnight Frank & Rutley _c1992 |
||
| 300 | _a20p. ; 30cm. | ||
| 350 | _a0 | ||
| 650 | _aDEMOGRAPHY | ||
| 650 | _aINDUSTRIAL PROPERTY | ||
| 650 | _aOFFICES | ||
| 650 | _aPROPERTY MARKET | ||
| 650 | _aRETAIL PROPERTY | ||
| 650 | _aSHOPPING | ||
| 690 | _aPROPERTY-COMMERCIAL PROPERTY | ||
| 942 | _n0 | ||
| 948 | _c04/03/1997 | ||
| 999 |
_c91953 _d91953 |
||